000 00603nam a22001937a 4500
005 20251203152428.0
010 _aENG-147223
020 _a9788194720348
_c499.00
035 _aEN-130755
037 _bDBAD
082 _a330.440954
_21
100 _aPunya Shailaja
_985847
245 _aCorreuption:
_bAs An Obstacle Towards Development/
_cPunya Shailaja
250 _a1
260 _bDesh Vikas Publications
_c2021
_aAndhra Pradesh
270 _aD. No. 1-43-19, Adarsha Nagar, Peda Waltair, Vishkhapatnam,
300 _axii, 252p.
_c24cm(pb)
942 _2ddc
_cEN
_h330.440954
_mSHA
999 _c213831
_d213831